|
|
|
|
| LEADER |
00937nab a2200229 i 4500 |
| 001 |
misc66825 |
| 005 |
20221003133830.0 |
| 008 |
211123s1929 hu o 0|| hun d |
| 040 |
|
|
|a SZTE Miscellanea Repozitórium
|b hun
|
| 041 |
|
|
|a hun
|
| 100 |
1 |
|
|a Bartucz Lajos
|
| 245 |
1 |
0 |
|a Dunántúl népének antropológiai vázlata
|h [elektronikus dokumentum] /
|c Bartucz Lajos
|
| 260 |
|
|
|c 1929-03
|
| 300 |
|
|
|a 106-137
|c 24 cm
|
| 300 |
|
|
|a [32] p.
|c 24 cm
|
| 490 |
0 |
|
|a Föld és ember : negyedévenként megjelenő tudományos szemle / Magyar Néprajzi Társaság Emberföldrajzi szakosztálya;Föld és ember : negyedévenként megjelenő tudományos szemle
|v 9
|
| 561 |
|
|
|a Németh Gyula hagyaték
|
| 591 |
|
|
|a XKEK 1260
|
| 650 |
|
4 |
|a Társadalomtudományok
|
| 650 |
|
4 |
|a Szociológia
|
| 695 |
|
|
|a Embertan - Magyarország - regionális
|
| 856 |
4 |
0 |
|u http://misc.bibl.u-szeged.hu/66825/1/0314_nov_b40.pdf
|z Dokumentum-elérés
|